[Event "17th Dubai Chess Open"]
[Site "Dubai UAE"]
[Date "2015.04.12"]
[Round "7.15"]
[White "Fier, Alexandr"]
[Black "Laxman, R.R."]
[Result "1/2-1/2"]
[WhiteTitle "GM"]
[BlackTitle "GM"]
[WhiteElo "2601"]
[BlackElo "2375"]
[WhiteFideId "2107139"]
[BlackFideId "5005361"]
[EventDate "2015.04.06"]

1. d4 Nf6 2. c4 e6 3. Nc3 Bb4 4. e3 d5 5. a3 Bxc3+ 6. bxc3 c6 7. cxd5 cxd5 8.
Bd3 O-O 9. Ne2 Nc6 10. O-O e5 11. f3 Re8 12. Ng3 h6 13. Ra2 Bd7 14. Re2 Rc8 15.
Bb2 e4 16. Bc2 Na5 17. a4 Nc4 18. Bc1 Nd6 19. Ba3 Nc4 20. Bc1 Nd6 21. Ref2 exf3
22. gxf3 Rxc3 23. Bd2 Rcxe3 24. Bxe3 Rxe3 25. Qb1 b6 26. Re1 Rxe1+ 27. Qxe1 Be6
28. Re2 Qc8 29. Qd2 Qc4 30. Qf4 Qb4 31. Kg2 Kf8 32. Bf5 Nxf5 33. Nxf5 Qxa4 34.
Qb8+ Ne8 35. Nd6 Qd7 36. Nxe8 Qxe8 37. Qxa7 Qd8 38. Re5 Kg8 39. Qa3 b5 40. Qb4 1/2-1/2

[Event "17th Dubai Chess Open"]
[Site "Dubai UAE"]
[Date "2015.04.12"]
[Round "7.16"]
[White "Ipatov, Alexander"]
[Black "Baghdasaryan, Vahe"]
[Result "1-0"]
[WhiteTitle "GM"]
[BlackTitle "IM"]
[WhiteElo "2592"]
[BlackElo "2400"]
[WhiteFideId "14116731"]
[BlackFideId "13303139"]
[EventDate "2015.04.06"]

1. d4 d5 2. c4 c6 3. Nf3 Nf6 4. Nc3 dxc4 5. a4 Bf5 6. e3 e6 7. Bxc4 Bb4 8. O-O
Nbd7 9. Nh4 O-O 10. h3 a5 11. Nxf5 exf5 12. Qf3 g6 13. g4 fxg4 14. hxg4 Qe7 15.
Kg2 Rae8 16. Rh1 h5 17. gxh5 Nxh5 18. Bd2 Qg5+ 19. Kf1 Nb6 20. Bb3 Kg7 21. Ne4
Qe7 22. Bxb4 axb4 23. Rxh5 Qxe4 24. Qxe4 Rxe4 25. Rc5 f5 26. Ke2 f4 27. Kf3 Re7
28. exf4 Rd8 29. Rd1 Red7 30. Re5 Kf8 31. a5 Nd5 32. Rh1 Kg7 33. Bxd5 cxd5 34.
Rhe1 Rf7 35. Rg1 Rdf8 36. Rg4 Rc8 37. f5 Rc2 38. Rxg6+ Kf8 39. Rxd5 Rxb2 40. Rb6
Rc7 41. Rc5 Rxc5 42. dxc5 Ra2 43. Rxb7 Rxa5 44. c6 Rxf5+ 45. Ke4 Rc5 46. c7 Ke8
47. f4 Kd7 48. Rxb4 Ke6 49. f5+ Ke7 50. Rb7 Kf6 51. Kd4 Rc1 52. Kd5 Kxf5 53. Kd6
Kf6 54. Kd7 1-0

[Event "17th Dubai Chess Open"]
[Site "Dubai UAE"]
[Date "2015.04.12"]
[Round "7.17"]
[White "Petrosyan, Manuel"]
[Black "Prohaszka, Peter2"]
[Result "1/2-1/2"]
[WhiteTitle "IM"]
[BlackTitle "GM"]
[WhiteElo "2427"]
[BlackElo "2597"]
[WhiteFideId "13300857"]
[BlackFideId "726265"]
[EventDate "2015.04.06"]

1. d4 Nf6 2. c4 e6 3. Nc3 Bb4 4. Qc2 b6 5. a3 Bxc3+ 6. Qxc3 Bb7 7. f3 d5 8. Bg5
Nbd7 9. cxd5 exd5 10. e3 O-O 11. Bd3 Re8 12. Ne2 c6 13. Bh4 Ne4 14. Bxd8 Nxc3
15. Nxc3 Rexd8 16. b4 b5 17. Kd2 a5 18. g4 Nb6 19. h4 Ra7 20. Rhc1 Rda8 21. Rab1
axb4 22. axb4 Bc8 23. Rb2 Bd7 24. Rcc2 Kf8 25. Ra2 Na4 26. Ne2 h6 27. Nc1 Ke7
28. Nb3 Nc5 29. Rab2 Nxb3+ 30. Rxb3 g5 31. h5 Kd6 32. Rb1 Ra4 33. Rcb2 Rf8 34.
e4 dxe4 35. fxe4 Bxg4 36. e5+ Ke7 37. Be4 Bd7 38. Re1 f6 39. e6 Be8 40. Bf5 Rg8
41. d5 cxd5 42. Rc2 Ra7 43. Rc8 Rg7 44. Bg4 f5 45. Bxf5 Bxh5 46. Rc5 Bg6 47.
Rxd5 Bxf5 48. Rxf5 Rb7 49. Ref1 Rb6 50. Rf7+ Rxf7 51. exf7 Rb8 52. Rf5 Rf8 53.
Ke3 Rxf7 54. Rxb5 Rf6 55. Ke4 Kf7 56. Rb8 Kg6 57. b5 Kh5 58. b6 Kg4 59. Ke5 Rf5+
60. Kd6 Rb5 61. Kc6 Rb1 62. Ra8 Rc1+ 63. Kd5 Rd1+ 64. Kc6 Rc1+ 65. Kd5 Rb1 66.
Kc6 Kh4 67. b7 g4 68. b8=Q Rxb8 69. Rxb8 g3 70. Kd5 g2 71. Rg8 Kh3 72. Ke4 Kh2
73. Kf3 g1=Q 74. Rxg1 Kxg1 75. Kg4 Kg2 76. Kh5 Kf3 77. Kxh6 1/2-1/2

[Event "17th Dubai Chess Open"]
[Site "Dubai UAE"]
[Date "2015.04.12"]
[Round "7.18"]
[White "Yousry, Salah"]
[Black "Shimanov, Aleksandr"]
[Result "0-1"]
[WhiteTitle "FM"]
[BlackTitle "GM"]
[WhiteElo "2304"]
[BlackElo "2594"]
[WhiteFideId "10601120"]
[BlackFideId "4198603"]
[EventDate "2015.04.06"]

1. e4 c6 2. Nf3 d5 3. exd5 cxd5 4. Bb5+ Bd7 5. Bxd7+ Qxd7 6. d4 Nc6 7. O-O e6 8.
Bf4 Nge7 9. c3 Ng6 10. Ne5 Ngxe5 11. Bxe5 f6 12. Bg3 h5 13. h3 g5 14. Qd3 O-O-O
15. b4 h4 16. Bh2 Bd6 17. Nd2 Rhg8 18. f3 Bxh2+ 19. Kxh2 f5 20. Nb3 g4 21. fxg4
fxg4 22. Nc5 Qd6+ 23. Kh1 Rde8 24. Rf7 Nd8 25. Rd7 Qb8 26. hxg4 Rxg4 27. Qb5
Rxg2 28. Rxd8+ Rxd8 29. Qxb7+ Qxb7 30. Nxb7 Rdg8 31. Nc5 R2g3 32. Kh2 Rg2+ 33.
Kh1 h3 34. Re1 Rxa2 35. Rxe6 Rgg2 0-1

[Event "17th Dubai Chess Open"]
[Site "Dubai UAE"]
[Date "2015.04.12"]
[Round "7.19"]
[White "Das, Sayantan"]
[Black "Stojanovic, Mihajlo"]
[Result "1-0"]
[WhiteTitle "IM"]
[BlackTitle "GM"]
[WhiteElo "2434"]
[BlackElo "2555"]
[WhiteFideId "5034426"]
[BlackFideId "916366"]
[EventDate "2015.04.06"]

1. e4 e6 2. d4 d5 3. Nc3 Nf6 4. e5 Nfd7 5. f4 c5 6. Nf3 Nc6 7. Be3 cxd4 8. Nxd4
Bc5 9. Qd2 Bxd4 10. Bxd4 Nxd4 11. Qxd4 Qb6 12. Qxb6 Nxb6 13. Bd3 Bd7 14. Kd2 Na4
15. Nxa4 Bxa4 16. Ke3 a6 17. Rhf1 Bb5 18. f5 Bxd3 19. cxd3 Rc8 20. Rf2 Kd7 21.
Raf1 Rhe8 22. Kd4 Rc6 23. g4 Rb6 24. a3 g6 25. fxg6 fxg6 26. Rc2 a5 27. h4 Re7
28. Rfc1 Ke8 29. h5 gxh5 30. gxh5 h6 31. Rc8+ Kf7 32. Kc5 Rxb2 33. Rf1+ Kg7 34.
Kd6 Rf7 35. Rxf7+ Kxf7 36. Rc7+ Ke8 37. Kxe6 Rb6+ 38. Kxd5 Rb5+ 39. Ke6 Rb6+ 40.
Kf5 Rb3 41. d4 b5 42. d5 Rxa3 43. Rb7 b4 44. Ke6 Kd8 45. d6 Kc8 46. Rb5 1-0

[Event "17th Dubai Chess Open"]
[Site "Dubai UAE"]
[Date "2015.04.12"]
[Round "7.20"]
[White "Ehlvest, Jaan"]
[Black "Vijayalakshmi, Subbaraman"]
[Result "1/2-1/2"]
[WhiteTitle "GM"]
[BlackTitle "IM"]
[WhiteElo "2547"]
[BlackElo "2319"]
[WhiteFideId "4500016"]
[BlackFideId "5004098"]
[EventDate "2015.04.06"]

1. Nf3 c5 2. b3 b6 3. g3 Bb7 4. Bg2 e5 5. Bb2 d6 6. O-O Be7 7. c4 Nh6 8. Nc3 O-O
9. Ne1 Nc6 10. Nc2 Qd7 11. Nd5 Rae8 12. e3 f5 13. d4 Kh8 14. dxe5 dxe5 15. Qh5
Bd8 16. Rad1 Qc8 17. h3 Ng8 18. Na3 a6 19. Nb1 Nb4 20. Nbc3 Bxd5 21. Nxd5 Nxa2
22. e4 Nb4 23. Nxb4 cxb4 24. exf5 Nf6 25. Qf3 e4 26. Qe3 Qxf5 27. Bd4 Nd7 28.
Rde1 Bg5 29. f4 Bf6 30. Bxb6 Bc3 31. Ba7 Bxe1 32. Rxe1 a5 33. Bd4 Rf7 34. Kh2
Rfe7 35. g4 Qe6 36. c5 Qc6 37. Kh1 a4 38. bxa4 Qxa4 39. f5 Nf6 40. g5 Nd5 41.
Qg3 b3 42. Bb2 Qa2 43. f6 Qxb2 44. fxe7 Qc3 45. Rf1 Qxc5 46. Qe5 b2 47. Bxe4 Qc8
48. Qxd5 Qxh3+ 49. Kg1 Qe3+ 50. Rf2 Qg3+ 51. Kf1 Qh3+ 52. Ke2 Qg4+ 53. Kd2 b1=N+
54. Bxb1 Qb4+ 55. Ke3 Qxe7+ 56. Be4 Rd8 57. Qf5 Qa3+ 58. Ke2 Qb2+ 59. Kf1 Qa1+
60. Kg2 g6 61. Qf6+ Qxf6 62. gxf6 Kg8 63. Bb1 Ra8 64. Ba2+ Kf8 65. Kf3 Ra4 66.
Rb2 Ra8 67. Kf4 h6 68. Ke5 Re8+ 69. Be6 Ra8 70. Rb7 1/2-1/2

[Event "17th Dubai Chess Open"]
[Site "Dubai UAE"]
[Date "2015.04.12"]
[Round "7.21"]
[White "Gupta, Abhijeet"]
[Black "Visakh, NR"]
[Result "1-0"]
[WhiteTitle "GM"]
[WhiteElo "2625"]
[BlackElo "2389"]
[WhiteFideId "5010608"]
[BlackFideId "25012223"]
[EventDate "2015.04.06"]

1. Nf3 Nf6 2. c4 e6 3. g3 d5 4. Bg2 d4 5. O-O c5 6. d3 Nc6 7. e3 e5 8. exd4 exd4
9. Bf4 Be7 10. Ne5 Nxe5 11. Bxe5 O-O 12. Bxf6 Bxf6 13. Nd2 Rb8 14. Re1 b6 15. a3
Be7 16. Qe2 Bd6 17. Qh5 Bb7 18. Be4 Bxe4 19. Rxe4 Rb7 20. Rae1 Re7 21. Qd5 Rxe4
22. Nxe4 Bb8 23. Qh5 Re8 24. f4 Re7 25. Kf2 h6 26. Re2 Qd7 27. b4 cxb4 28. axb4
Bc7 29. b5 Bd8 30. g4 Qc8 31. Kf3 Qd7 32. h3 Re6 33. Qd5 Qxd5 34. cxd5 Re7 35.
Ng3 Rd7 36. Re8+ Kh7 37. Ke4 Bf6 38. Nf5 Rc7 39. d6 Rc1 40. d7 Rc7 41. d8=Q Bxd8
42. Rxd8 Rc1 43. Rd7 Kg8 44. Rxa7 Rh1 45. Rb7 Rxh3 46. Rxb6 h5 47. gxh5 1-0

[Event "17th Dubai Chess Open"]
[Site "Dubai UAE"]
[Date "2015.04.12"]
[Round "7.22"]
[White "Volkov, Sergey"]
[Black "Tissir, Mohamed"]
[Result "1-0"]
[WhiteTitle "GM"]
[BlackTitle "IM"]
[WhiteElo "2614"]
[BlackElo "2359"]
[WhiteFideId "4122763"]
[BlackFideId "9000240"]
[EventDate "2015.04.06"]

1. d4 d5 2. c4 c6 3. Nf3 Nf6 4. e3 Bf5 5. Nc3 e6 6. Nh4 Bg6 7. Qb3 Qc7 8. Bd2
Be7 9. Nxg6 hxg6 10. Rc1 dxc4 11. Bxc4 Nbd7 12. h3 Nb6 13. Be2 Nbd5 14. Bf3 Rd8
15. e4 Nf4 16. Nb5 Qb8 17. g3 N4h5 18. e5 cxb5 19. exf6 Bxf6 20. Qxb5+ Kf8 21.
Be3 b6 22. Qc4 Qd6 23. Qc7 Qb4+ 24. Kf1 Be7 25. Qxa7 Qxb2 26. Kg2 Bd6 27. Rb1
Qa3 28. Qxa3 Bxa3 29. Rxb6 Nf6 30. Rhb1 Kg8 31. Ra6 Bd6 32. Rb7 Nd5 33. Bxd5
exd5 34. a4 1-0

[Event "17th Dubai Chess Open"]
[Site "Dubai UAE"]
[Date "2015.04.12"]
[Round "7.23"]
[White "Vignesh, NR"]
[Black "Kovchan, Alexander"]
[Result "0-1"]
[BlackTitle "GM"]
[WhiteElo "2365"]
[BlackElo "2576"]
[WhiteFideId "25012215"]
[BlackFideId "14103052"]
[EventDate "2015.04.06"]

1. d4 Nf6 2. c4 g6 3. Nf3 Bg7 4. g3 c6 5. Bg2 d5 6. O-O dxc4 7. a4 Ne4 8. Qc2
Nd6 9. Bf4 Bf5 10. Qc1 Na6 11. Na3 O-O 12. Bh6 Bxh6 13. Qxh6 f6 14. Qc1 Be6 15.
Nd2 Nb4 16. Rd1 Bg4 17. f3 Be6 18. Ndxc4 Nxc4 19. Nxc4 b5 20. axb5 cxb5 21. Na5
Rc8 22. Qd2 Nc2 23. Rac1 Nxd4 24. Rxc8 Bxc8 25. Qxd4 Qxa5 26. b4 Qa2 27. Ra1
Qxe2 28. Rxa7 Re8 29. Ra3 e5 30. Qd5+ Be6 31. Qc6 Qd1+ 32. Bf1 Bd7 33. Qc3 Rc8
34. Qd3 Rc1 35. Kf2 Qe1+ 36. Kg2 Rd1 37. Ra8+ Kg7 38. Ra1 Rd2+ 39. Kh1 Qxa1 0-1

[Event "17th Dubai Chess Open"]
[Site "Dubai UAE"]
[Date "2015.04.12"]
[Round "7.24"]
[White "Kulkarni, Rakesh"]
[Black "Grover, Sahaj"]
[Result "1-0"]
[BlackTitle "GM"]
[WhiteElo "2282"]
[BlackElo "2519"]
[WhiteFideId "5037077"]
[BlackFideId "5021103"]
[EventDate "2015.04.06"]

1. e4 e6 2. d4 d5 3. Nd2 c5 4. exd5 Qxd5 5. dxc5 Bxc5 6. Ngf3 Nf6 7. Bc4 Qh5 8.
O-O Nc6 9. Be2 e5 10. Nc4 Bg4 11. h3 Rd8 12. Qe1 O-O 13. hxg4 Nxg4 14. Ne3 Nxe3
15. Bxe3 Bxe3 16. fxe3 e4 17. Nd4 Qg5 18. Nxc6 Qxe3+ 19. Qf2 Qxf2+ 20. Kxf2 bxc6
21. Ke3 1-0

[Event "17th Dubai Chess Open"]
[Site "Dubai UAE"]
[Date "2015.04.12"]
[Round "7.25"]
[White "Arun Prasad, S."]
[Black "Kanter, Eduard"]
[Result "1/2-1/2"]
[WhiteTitle "GM"]
[BlackTitle "IM"]
[WhiteElo "2502"]
[BlackElo "2349"]
[WhiteFideId "5011167"]
[BlackFideId "4103963"]
[EventDate "2015.04.06"]

1. e4 c5 2. Nf3 d6 3. Bb5+ Bd7 4. Bxd7+ Nxd7 5. O-O Ngf6 6. Re1 e6 7. d4 cxd4 8.
Nxd4 a6 9. c4 Qc7 10. b3 g6 11. Bb2 Bg7 12. Nc3 O-O 13. Qf3 Ne5 14. Qe2 Rfe8 15.
Rad1 Rad8 16. f4 Nc6 17. Nf3 Qa5 18. g3 Nd7 19. Rc1 Nc5 20. Red1 b5 21. cxb5
axb5 22. Rc2 b4 23. Na4 Nxa4 24. Bxg7 Kxg7 25. bxa4 Qxa4 26. Rdc1 Rc8 27. Kg2
Ne7 28. Qd2 Rxc2 29. Rxc2 Kg8 30. Rc4 Ra8 1/2-1/2

[Event "17th Dubai Chess Open"]
[Site "Dubai UAE"]
[Date "2015.04.12"]
[Round "7.26"]
[White "Abhishek, Kelkar"]
[Black "Karthikeyan, Murali"]
[Result "0-1"]
[BlackTitle "IM"]
[WhiteElo "2343"]
[BlackElo "2504"]
[WhiteFideId "5019257"]
[BlackFideId "5074452"]
[EventDate "2015.04.06"]

1. d4 Nf6 2. Nf3 e6 3. c4 Nc6 4. Nbd2 d6 5. e4 g6 6. Bd3 Bg7 7. O-O O-O 8. b3 a5
9. Bb2 Nd7 10. Rc1 h6 11. a3 e5 12. d5 Ne7 13. b4 b6 14. Bb1 f5 15. c5 Nf6 16.
cxd6 cxd6 17. Nh4 fxe4 18. Nxe4 Nxe4 19. Bxe4 Rf4 20. Nxg6 Rxe4 21. Qf3 Nxg6 22.
Qxe4 Qg5 23. Rc6 Bf5 24. Qe3 Nf4 25. g3 Nh3+ 26. Kg2 Qh5 27. Rxd6 Ng5 28. Bxe5
Bxe5 0-1

[Event "17th Dubai Chess Open"]
[Site "Dubai UAE"]
[Date "2015.04.12"]
[Round "7.28"]
[White "Georgiadis, Nico"]
[Black "Mammadzada, Gunay"]
[Result "1-0"]
[WhiteTitle "IM"]
[BlackTitle "WGM"]
[WhiteElo "2468"]
[BlackElo "2336"]
[WhiteFideId "1300113"]
[BlackFideId "13403729"]
[EventDate "2015.04.06"]

1. e4 c5 2. Nf3 d6 3. d4 cxd4 4. Nxd4 Nf6 5. Nc3 a6 6. Be2 e5 7. Nb3 Be7 8. O-O
O-O 9. Be3 Be6 10. Qd3 Nbd7 11. Nd5 Bxd5 12. exd5 Nc5 13. Nxc5 dxc5 14. c4 Qc7
15. Bf3 Rfe8 16. g3 Bd6 17. Qc2 g6 18. Bg2 Nd7 19. Bd2 f5 20. f3 Re7 21. Rae1
Rae8 22. Bc3 Nf6 23. Re2 h5 24. Bh3 Nd7 25. Kh1 Rf8 26. Bd2 Nf6 27. Bh6 Rfe8 28.
Bg5 Rf7 29. b3 Nh7 30. Bc1 Rfe7 31. g4 hxg4 32. fxg4 f4 33. Qxg6+ Kh8 34. Bb2
Rg8 35. Qh5 Rg5 36. Qh4 Kg8 37. Bg2 Qd7 38. Bf3 Reg7 39. Rfe1 Qe8 40. Be4 Nf6
41. Bf5 Rxf5 42. gxf5 Nd7 43. Rg1 Bf8 44. Rxg7+ Bxg7 45. Qxf4 Nb8 1-0

[Event "17th Dubai Chess Open"]
[Site "Dubai UAE"]
[Date "2015.04.12"]
[Round "7.29"]
[White "Sagar, Shah"]
[Black "Kathmale, Sameer"]
[Result "1-0"]
[WhiteTitle "IM"]
[BlackTitle "IM"]
[WhiteElo "2458"]
[BlackElo "2322"]
[WhiteFideId "5022509"]
[BlackFideId "5024498"]
[EventDate "2015.04.06"]

1. d4 d5 2. c4 c6 3. Nf3 Nf6 4. Nc3 dxc4 5. a4 Bf5 6. e3 e6 7. Bxc4 Bb4 8. O-O
Nbd7 9. Qe2 O-O 10. e4 Bg6 11. Bd3 Bh5 12. e5 Nd5 13. Nxd5 cxd5 14. Qe3 Re8 15.
Bd2 Qa5 16. Bxb4 Qxb4 17. Qd2 Qe7 18. Ne1 Bg6 19. Bxg6 hxg6 20. Nf3 Rac8 21. Ng5
Nf8 22. Ra3 Rc4 23. Rh3 f6 24. exf6 gxf6 25. b3 Rb4 26. Nf3 Rxb3 27. Rc1 Qd7 28.
Ne5 Qxa4 29. Ng4 Rxh3 30. gxh3 Re7 31. Nxf6+ Kg7 32. Ng4 Rf7 33. Ne5 Re7 34. Rc8
Qa3 35. Qg5 Qb4 36. Kg2 a5 37. Rc5 Rf7 38. Nxf7 Kxf7 39. Qf4+ Ke7 40. Qg5+ Kf7
41. Rc7+ Ke8 42. Qf6 1-0

[Event "17th Dubai Chess Open"]
[Site "Dubai UAE"]
[Date "2015.04.12"]
[Round "7.31"]
[White "Kuznetsov, Mikhail V."]
[Black "Pourramezanali, Amirreza"]
[Result "1/2-1/2"]
[BlackTitle "IM"]
[WhiteElo "2260"]
[BlackElo "2432"]
[WhiteFideId "4194900"]
[BlackFideId "12511412"]
[EventDate "2015.04.06"]

1. d4 d5 2. c4 c6 3. cxd5 cxd5 4. Nc3 Nc6 5. Nf3 Nf6 6. Bf4 Bf5 7. Qb3 Na5 8.
Qa4+ Bd7 9. Qc2 e6 10. e3 Rc8 11. Bd3 Bb4 12. O-O O-O 13. Ne5 h6 14. Rac1 Nc4
15. Qe2 b5 16. g4 Nxe5 17. Bxe5 Bxc3 18. Rxc3 Rxc3 19. bxc3 Ne4 20. Bxe4 dxe4
21. c4 bxc4 22. Qxc4 Qh4 23. Qe2 Rc8 24. Kg2 f6 25. Bg3 Qg5 26. h4 Bb5 27. hxg5
Bxe2 28. Rb1 hxg5 29. Rb8 Rxb8 30. Bxb8 Bxg4 31. Bxa7 Bd1 32. Kg3 Kf7 33. Bc5
Ba4 34. a3 1/2-1/2

[Event "17th Dubai Chess Open"]
[Site "Dubai UAE"]
[Date "2015.04.12"]
[Round "7.32"]
[White "Rajarishi, Karthi"]
[Black "Sundararajan, Kidambi"]
[Result "0-1"]
[BlackTitle "GM"]
[WhiteElo "2055"]
[BlackElo "2433"]
[WhiteFideId "5092523"]
[BlackFideId "5005370"]
[EventDate "2015.04.06"]

1. d4 Nf6 2. c4 e6 3. Nc3 Bb4 4. f3 d5 5. a3 Bxc3+ 6. bxc3 O-O 7. Bg5 c5 8. e3
Nc6 9. cxd5 exd5 10. Bd3 h6 11. Bxf6 Qxf6 12. Ne2 Re8 13. Qd2 Na5 14. Rb1 Bf5
15. O-O Bxd3 16. Qxd3 c4 17. Qc2 Rxe3 18. Rb5 Rae8 19. Ng3 Nb3 20. Rxd5 Qc6 21.
Rf5 Qg6 22. Kf2 a6 23. Rd1 b5 24. Ne4 Qxf5 25. Kxe3 Qd5 26. Kf2 f5 27. Ng3 g6
28. Re1 Rxe1 29. Kxe1 Kf7 30. Kf2 Qd6 31. Nxf5 gxf5 32. Qxf5+ Ke7 33. Qe4+ Qe6
34. Qh7+ Kd8 35. Qb7 Qd6 36. Qa8+ Ke7 37. Qe4+ Qe6 38. Qh7+ Kd8 39. Qb7 h5 40.
Qb8+ Kd7 41. Qb7+ Ke8 42. Qb8+ Kf7 43. Qc7+ Qe7 44. Qf4+ Qf6 45. Qe4 Kg7 46.
Qb7+ Kh6 47. Qe4 Kg7 48. Qb7+ Kf8 49. Qa8+ Kg7 50. Qb7+ Kh6 51. Qe4 h4 52. g4
hxg3+ 53. hxg3 Qd6 54. Qe3+ Kg6 55. Qe4+ Kf6 56. Qh4+ Kf7 57. Qh7+ Ke8 58. Qe4+
Kd8 59. Qa8+ Ke7 60. Qe4+ Qe6 61. Qb7+ Kf6 62. Qh7 Na5 63. g4 Nc6 64. Qh6+ Ke7
65. Qg5+ Qf6 66. Qc5+ Qd6 67. Qg5+ Kd7 68. Qf5+ Kc7 69. g5 Ne7 70. Qf7 Kd7 71.
f4 Qe6 72. Qh7 Qf5 73. Qxf5+ Nxf5 74. Kf3 Ke6 75. g6 Nd6 76. d5+ Kf6 77. Ke3
Kxg6 78. Kd4 Kf5 79. Kc5 Ne4+ 80. Kb6 Nxc3 81. d6 Nd5+ 0-1

[Event "17th Dubai Chess Open"]
[Site "Dubai UAE"]
[Date "2015.04.12"]
[Round "7.33"]
[White "Karavade, Eesha"]
[Black "Fawzy, Adham"]
[Result "1-0"]
[WhiteTitle "IM"]
[BlackTitle "FM"]
[WhiteElo "2405"]
[BlackElo "2296"]
[WhiteFideId "5012600"]
[BlackFideId "10613129"]
[EventDate "2015.04.06"]

1. d4 Nf6 2. c4 e6 3. Nc3 Bb4 4. Qc2 O-O 5. Nf3 c5 6. dxc5 Nc6 7. Bf4 Bxc5 8. e3
d5 9. a3 d4 10. O-O-O Nh5 11. Ne4 Nxf4 12. Nxc5 Qe7 13. exd4 e5 14. Nb3 Bg4 15.
d5 e4 16. Re1 Bxf3 17. gxf3 Qg5 18. Kb1 Ne5 19. Qxe4 Rae8 20. Re3 Qh4 21. Qc2 b6
22. Qd2 Nfg6 23. Nd4 Rc8 24. Rc3 Rfe8 25. h3 Qf6 26. Rg1 Nf4 27. Ka2 g6 28. Rg3
h5 29. h4 Kh7 30. Rg5 a6 31. Nf5 Nfd3 32. Bxd3 Nxf3 33. Rxh5+ gxh5 34. Nd4+ Kg7
35. Nxf3 Qxf3 36. Qg5+ Kf8 37. Bf5 Qxf2 38. Qh6+ Kg8 39. Rg3+ 1-0

[Event "17th Dubai Chess Open"]
[Site "Dubai UAE"]
[Date "2015.04.12"]
[Round "7.34"]
[White "Videnova, Iva"]
[Black "Deshpande, Aniruddha"]
[Result "0-1"]
[WhiteTitle "IM"]
[WhiteElo "2398"]
[BlackElo "2232"]
[WhiteFideId "2907763"]
[BlackFideId "5021774"]
[EventDate "2015.04.06"]

1. e4 c5 2. Nf3 Nc6 3. d4 cxd4 4. Nxd4 g6 5. Nc3 Bg7 6. Be3 Nf6 7. Bc4 O-O 8.
Bb3 d5 9. exd5 Na5 10. Nf3 a6 11. Qd2 b5 12. Rd1 Bb7 13. Bg5 Qc8 14. O-O Rd8 15.
Bxf6 Bxf6 16. Ne4 Nxb3 17. Nxf6+ exf6 18. axb3 Rxd5 19. Nd4 Qc7 20. b4 Rad8 21.
c3 a5 22. bxa5 Qxa5 23. b4 Qc7 24. Rfe1 Rg5 25. g3 Re5 26. f4 Rxe1+ 27. Rxe1 Qd7
28. h4 Qd5 29. Kh2 Ra8 30. Qf2 Ra2 31. Ne2 Qf3 32. Qxf3 Bxf3 33. Kg1 Rxe2 34.
Ra1 Be4 35. h5 gxh5 36. Ra6 Rg2+ 37. Kf1 Rxg3 38. Rxf6 Kg7 0-1

[Event "17th Dubai Chess Open"]
[Site "Dubai UAE"]
[Date "2015.04.12"]
[Round "7.35"]
[White "Beshukov, Sergei"]
[Black "Berglind, Axel"]
[Result "1/2-1/2"]
[WhiteTitle "GM"]
[WhiteElo "2416"]
[BlackElo "2081"]
[WhiteFideId "4105451"]
[BlackFideId "1720228"]
[EventDate "2015.04.06"]

1. c4 e6 2. Nf3 d5 3. g3 Nf6 4. Bg2 Nbd7 5. O-O Be7 6. b3 O-O 7. Bb2 b6 8. cxd5
exd5 9. d4 c5 10. Nc3 Bb7 11. dxc5 Nxc5 12. Nd4 Qd7 13. Rc1 Rfd8 14. b4 Ne6 15.
a3 a5 16. b5 Bc5 17. e3 Rac8 18. Bh3 Bxd4 19. exd4 Rc4 20. Re1 Rxd4 21. Qe2 Ne4
22. Nb1 Rc4 23. Rcd1 N4c5 24. Nc3 h6 25. Bg2 Rd4 26. Rxd4 Nxd4 27. Qe5 Nde6 28.
Rd1 d4 29. Ne2 Bxg2 30. Kxg2 Qb7+ 31. f3 Ng5 32. Ng1 f6 33. Qf5 Rd5 34. Qg6 Qf7
35. Qxf7+ Nxf7 36. Rxd4 Rxd4 37. Bxd4 Na4 38. Ne2 Nd6 39. Be3 Nxb5 40. Bc1 Nac3
41. Nxc3 Nxc3 42. Kf2 Kf7 43. Ke3 Ke6 44. Kd3 Nd5 45. Kc4 Nc7 46. Be3 Nd5 47.
Bd4 Kd6 48. h4 g6 49. g4 h5 50. gxh5 gxh5 51. Kb5 Kc7 52. Bb2 f5 53. a4 Kb7 54.
Kc4 Kc6 55. Kd4 Nf4 56. Ba3 Ng6 57. f4 Nxf4 58. Ke5 Ng6+ 59. Kxf5 Nxh4+ 60. Kg5
Nf3+ 61. Kxh5 Nd4 62. Kg4 Ne2 63. Bb2 Kc5 64. Kf3 Nd4+ 65. Ke4 Nc6 66. Bc1 Nb8
67. Be3+ Kc6 68. Kd4 Nd7 69. Kc4 Nc5 70. Bd4 Nxa4 71. Bg7 b5+ 72. Kb3 Nc5+ 73.
Kb2 b4 74. Ka2 Kb5 75. Bf6 a4 1/2-1/2

[Event "17th Dubai Chess Open"]
[Site "Dubai UAE"]
[Date "2015.04.12"]
[Round "7.36"]
[White "Mehar, Chinna Reddy C.H."]
[Black "Mohammed, Tarig Elther"]
[Result "1-0"]
[WhiteTitle "FM"]
[WhiteElo "2319"]
[BlackElo "2094"]
[WhiteFideId "5027420"]
[BlackFideId "12200964"]
[EventDate "2015.04.06"]

1. e4 d5 2. exd5 Qxd5 3. Nc3 Qd6 4. d4 c6 5. Nf3 Nf6 6. Ne5 Nbd7 7. Nc4 Qc7 8.
g3 Nb6 9. Ne5 Be6 10. Bg2 g6 11. O-O Bg7 12. a4 a5 13. Nd3 Bc4 14. Bf4 Qd8 15.
Re1 Qxd4 16. Be3 Qd8 17. Bc5 Nc8 18. Ne5 Bd5 19. Nxd5 cxd5 20. c4 Qc7 21. Ba3
O-O 22. cxd5 Nd6 23. Rc1 Qd8 24. Qb3 Rb8 25. Nc4 Re8 26. Rxe7 Nf5 27. Rxb7 Rxb7
28. Qxb7 Ng4 29. Bf3 Nd4 30. Bxg4 Qg5 31. Ne3 h5 32. Rc8 1-0

[Event "17th Dubai Chess Open"]
[Site "Dubai UAE"]
[Date "2015.04.12"]
[Round "7.37"]
[White "Saleh, Nabil"]
[Black "Ram, Aravind L N"]
[Result "0-1"]
[WhiteTitle "FM"]
[BlackTitle "FM"]
[WhiteElo "2284"]
[BlackElo "2135"]
[WhiteFideId "9300139"]
[BlackFideId "25033760"]
[EventDate "2015.04.06"]

1. d4 b6 2. e4 Bb7 3. Bd3 e6 4. Nf3 d6 5. O-O Nf6 6. Re1 Be7 7. Nbd2 O-O 8. c3
c5 9. Nf1 cxd4 10. cxd4 d5 11. e5 Ne4 12. N3d2 Nxd2 13. Bxd2 Nc6 14. Qg4 g6 15.
Ng3 Nb4 16. Bb1 Rc8 17. a3 Nc2 18. Bxc2 Rxc2 19. Bc3 Bc6 20. Nf1 Ba4 21. Ne3
Rxc3 22. bxc3 b5 23. Qh3 Kg7 24. Nd1 Qa5 25. Nb2 Rc8 26. Re3 Bc2 27. Qg3 h5 28.
f4 b4 29. cxb4 Qb6 30. Rc1 Qxd4 31. Na4 Bh4 32. Qf3 Be4 0-1

[Event "17th Dubai Chess Open"]
[Site "Dubai UAE"]
[Date "2015.04.12"]
[Round "7.38"]
[White "Bit-Narva, David"]
[Black "Maisuradze, Nino"]
[Result "0-1"]
[BlackTitle "WGM"]
[WhiteElo "2117"]
[BlackElo "2302"]
[WhiteFideId "24128856"]
[BlackFideId "13601717"]
[EventDate "2015.04.06"]

1. e4 c5 2. Nf3 e6 3. c3 d5 4. e5 d4 5. Bd3 Nc6 6. O-O Nge7 7. Re1 Ng6 8. Na3
Be7 9. Bb5 Bd7 10. d3 dxc3 11. bxc3 a6 12. Ba4 b5 13. Bc2 O-O 14. d4 cxd4 15.
cxd4 Nb4 16. Be4 Bc6 17. Bxc6 Nxc6 18. Nc2 Rc8 19. Bd2 a5 20. a3 b4 21. axb4
axb4 22. Rb1 Rb8 23. Qe2 Qd7 24. Qe4 Rfd8 25. Be3 Na5 26. Bd2 Nc6 27. Be3 b3 28.
Na1 b2 29. Nc2 Na5 30. h4 Qd5 31. Qxd5 Rxd5 32. Re2 Nxh4 33. Nxh4 Bxh4 34. Bd2
Nc4 35. Bb4 Rdb5 36. Bc5 Bg5 37. Ne3 Bxe3 38. fxe3 Ra8 39. Kf2 Ra1 40. Ree1 Rxb1
41. Rxb1 Nd2 0-1